IPD pan-European property index results to December 2007 (Record no. 108303)

MARC details
000 -LEADER
fixed length control field 01127cad a22002415 4500
001 - CONTROL NUMBER
control field L143880
008 - FIXED-LENGTH DATA ELEMENTS--GENERAL INFORMATION
fixed length control field 060615s2007 xxkad f s 000 0 eng d
035 ## - SYSTEM CONTROL NUMBER
System control number (Sirsi) u143880
041 0# - LANGUAGE CODE
Language code of text/sound track or separate title eng
050 04 - LIBRARY OF CONGRESS CALL NUMBER
Classification number 332.6324 $2 18
110 2# - MAIN ENTRY--CORPORATE NAME
Corporate name or jurisdiction name as entry element Investment Property Databank
9 (RLIN) 2288
245 00 - TITLE STATEMENT
Title IPD pan-European property index results to December 2007
260 ## - PUBLICATION, DISTRIBUTION, ETC.
Place of publication, distribution, etc. London
Name of publisher, distributor, etc. IPD
Date of publication, distribution, etc. 2007
490 #0 - SERIES STATEMENT
Series statement IPD Pan-European Property Index
505 2# - FORMATTED CONTENTS NOTE
Formatted contents note Introduction -- All property returns in euros -- All property returns in pounds sterling -- All property returns in US dollars -- All property returns in local currencies -- Technical note
520 ## - SUMMARY, ETC.
Summary, etc. Ungeared total returns to direct property investments fell significantly across Europe in 2007, down to 5.9% from 12.4% in 2008. Overall capital values fell in the UK and Germany, Europe's largest economies.
590 ## - LOCAL NOTE (RLIN)
Local note KA
650 24 - SUBJECT ADDED ENTRY--TOPICAL TERM
Topical term or geographic name entry element IPD PAN EUROPEAN PROPERTY INDEX
651 #4 - SUBJECT ADDED ENTRY--GEOGRAPHIC NAME
Geographic name Europe
690 ## - LOCAL SUBJECT ADDED ENTRY--TOPICAL TERM (OCLC, RLIN)
Topical term or geographic name as entry element PROPERTY-COMMERCIAL PROPERTY-COMMERCIAL PROPERTY MARKET
856 40 - ELECTRONIC LOCATION AND ACCESS
Uniform Resource Identifier <a href="https://www.ipdindex.co.uk/">https://www.ipdindex.co.uk/</a>
Public note View the item free of charge at www.ipdindex.co.uk...
942 ## - ADDED ENTRY ELEMENTS (KOHA)
Suppress in OPAC 0
Holdings
Withdrawn status Lost status Source of classification or shelving scheme Damaged status Not for loan Home library Current library Shelving location Date acquired Total Checkouts Full call number Barcode Date last seen Copy number Price effective from Koha item type
    Dewey Decimal Classification     Virtual Virtual Online 04/06/2008   ONLINE PUBLICATION 143880-2001 06/08/2019 1 06/08/2019 Book